Исследование влияния типа привода бурильных машин вращательно-ударного действия на эффективность скважин: диссертация на соискание ученой степени кандидата технических наук

Detalles Bibliográficos
Autor principal: Баженов В. И.
Autor Corporativo: Томский политехнический институт
Otros Autores: Горбунов В. Ф. Валерий Федорович (научный руководитель), Дубровский Н. А., Саруев Л. А. Лев Алексеевич
Lenguaje:ruso
Publicado: Томск, [Б. и.], 1975
Materias:
Formato: MixedMaterials Libro
KOHA link:https://koha.lib.tpu.ru/cgi-bin/koha/opac-detail.pl?biblionumber=83588

MARC

LEADER 00000nbm0a2200000 4500
001 83588
005 20231031100235.0
035 |a (RuTPU)RU\TPU\book\89880 
090 |a 83588 
100 |a 20051019d1975 k y0rusy50 ca 
101 0 |a rus 
102 |a RU 
105 |a a m 001zy 
200 1 |a Исследование влияния типа привода бурильных машин вращательно-ударного действия на эффективность скважин  |e диссертация на соискание ученой степени кандидата технических наук  |f В. И. Баженов  |g Томский политехнический институт ; науч. рук. В. Ф. Горбунов, Н. А. Дубровский, Л. А. Саруев 
210 |a Томск  |c [Б. и.]  |d 1975 
215 |a 166 л.  |c ил. 
320 |a Библиогр.: с. 143-152 (103 назв.) 
610 1 |a диссертации 
610 1 |a исследование влияния 
610 1 |a типы приводов 
610 1 |a бурильные машины 
610 1 |a вращательно-ударное бурение 
610 1 |a буровое оборудование 
610 1 |a буровые инструменты 
610 1 |a бурильные колонны 
610 1 |a подземные скважины 
610 1 |a полезные ископаемые 
610 1 |a горные породы 
610 1 |a отбойка 
610 1 |a транспортировка руд 
610 1 |a перфорация 
610 1 |a ударные импульсы 
675 |a 622.24.05(048)  |v 3 
700 1 |a Баженов  |b В. И. 
702 1 |a Горбунов  |b В. Ф.  |c российский ученый, специалист в области горной механики  |c профессор Томского политехнического университета  |f 1926-  |g Валерий Федорович  |2 stltpush  |3 (RuTPU)RU\TPU\pers\19777  |4 727 
702 1 |a Дубровский  |b Н. А.  |4 727 
702 1 |a Саруев  |b Л. А.  |c горный инженер  |c профессор Томского политехнического университета, доктор технических наук  |f 1940-  |g Лев Алексеевич  |2 stltpush  |3 (RuTPU)RU\TPU\pers\19862  |4 727 
712 0 2 |a Томский политехнический институт  |2 stltpush  |3 (RuTPU)RU\TPU\col\1123 
801 1 |a RU  |b 63413507  |c 20051019  |g PSBO 
801 2 |a RU  |b 63413507  |c 20200828  |g PSBO 
942 |c BK